00197nam a2200073Ia 4500008004100000082002200041245004400063300001600107230907s9999||||xx |||||||||||||| ||und|| a532.00151922bSTO 0aStochastic methods in fluid mechanics / a165 pages :